00817nam a2200217 i 45000010005000000030009000050050017000140070003000310080041000340200018000750800017000930800037001101000052001472450119001992600042003183000030003607000039003908520033004299990015004629520122004778753ES-MaACL20250223234432.0t|920924s1992 sp ||||1| spa d a84-87101-00-3 a86-84"18/19" a86(Gómez de la Serna,R.7 L.01)1 aGómez de la Serna, Ramón,d1888-196395790110aLunario de greguerías / cRamón Gómez de la Serna ; edición, prólogo y selección de Mario Hernández. aValencia : bPre-textos, cD.L. 1992. a141 p. : bil. ; c19 cm.1 aHernández, Mario,d1945-9151331 aES-MaACLjL-16235 bR.120830 c8753d8753 00104070aATENEOMbATENEOMcDEPO2d2008-01-17eSCl0oL-16235p1008939r2023-02-23 00:00:00w2023-02-23yMONOGRAFIA